000 00512nam a2200169Ia 4500
003 LK-CoDNM
008 010623t2009 xxu||||| |||| 00| 1 sin d
040 _aLK-CoDNM
_dLK-CoDNM
_eLK-CoDNM
041 _asin
080 _a929 :0/9 PUS
100 _aPussaella,P.N
245 _a6,7,8,9,10,11 පෙළ පොත්වල එන ශ්‍රේෂ්ඨ චරිත
246 _a6,7,8,9,10,11 Pelapoth walaena sheshath chritha
260 _bMalpiyali
_aDankotuwa
_c2009
300 _b220, 22 cm
942 _cBK
999 _c128277
_d128277